000 00775nam a2200217Ia 4500
003 GCL
008 140319s9999 xx 000 0 ara d
040 _aGCL /
_cGCL
082 0 4 _a250
_bش ا
100 1 _aعبدالغنى عبدالخالق
245 1 0 _aاحكام القران /
_cعبدالغنى عبدالخالق
700 1 _aمحمد زاهد بن الحسن الكوثرى
700 1 _aالشافعى، ابوعبدالله محمد بن ادريس، 767-819 م
260 _aبيروت :
_bدار الكتب العلمية للنشر والتوزيع ،
_c1988
300 _a617 ص ؛
_c24 سم
490 _a
650 0 4 _aالفقه الشافعى
650 0 4 _aالفقه الاسلامى
650 0 4 _aالقران - احكام
942 _2ddc
_cBK
999 _c54274
_d54274